An introduction to reactor physics

Na minha lista:
Detalhes bibliográficos
Principais autores: Litter, D. (autor), Raffle, J (Autor)
Formato: Livro
Idioma:inglês
Publicado em: Londres Pergamon 1955
Assuntos:
Tags: Adicionar Tag
Sem tags, seja o primeiro a adicionar uma tag!

MARC

LEADER 00000nam a2200000 a 4500
001 UCT3116
003 CL-VaPUC
008 961018e19550000UK |||||||||||||||||eng|d
082 0 4 |a 539.75  |b LIT  |2 21 
100 |a Litter, D.  |e autor  |9 372081 
700 0 |a Raffle, J  |e author  |9 372082 
245 1 3 |a An introduction to reactor physics 
300 |a 196 p 
942 |c BK 
945 |d 19961018 00:00:00  |a paguirre 
260 |a Londres  |b Pergamon  |c 1955 
650 7 |a FISICA NUCLEAR  |2 CL-VaPUC  |9 270366 
650 0 |a Átomos  |9 259583 
650 0 |a Núcleos atómicos  |9 357366 
650 7 |a RADIACTIVIDAD  |2 CL-VaPUC  |9 354956 
650 7 |a REACCIONES NUCLEARES  |2 CL-VaPUC  |9 370148 
650 7 |a NEUTRONES  |2 CL-VaPUC  |9 313669 
650 0 |a partículas elementales  |9 349874 
650 0 |a Cinética  |9 260943 
583 |a last modification  |c 19961018 00:00:00  |k Rodrigo Vera 
999 |c 252912  |d 252910 
952 |0 0  |1 0  |4 0  |6 539_750000000000000_LIT_1955  |7 0  |8 A  |9 273086  |a BIBCUR  |b BIBCUR  |d 2019-11-19  |i 1765418  |l 1  |o 539.75 LIT 1955  |p 1765418  |r 2025-04-22  |s 2023-10-16  |w 2019-11-19  |y BK  |k BCB